|
|
|
|
| LEADER |
01184nam a2200313 a 4500 |
| 001 |
GR-Patra9959 |
| 008 |
991022s gr 000 b eng d |
| 020 |
|
|
|a 0201512858
|
| 040 |
|
|
|a GrPaTEI
|b gre
|c GR-PaULI
|
| 245 |
0 |
0 |
|a Gaining and sustaining competitive advantage.
|
| 260 |
|
|
|a Massachusetts :
|b Addison-Wesley,
|c c1997
|
| 300 |
|
|
|a xxi, 570σ.
|
| 500 |
|
|
|a Bibliography: p.519-557
|
| 650 |
|
0 |
|a COMPETITION
|
| 650 |
|
0 |
|a INDUSTRIAL MANAGEMENT
|
| 650 |
|
0 |
|a Management
|
| 650 |
|
0 |
|a Strategic planning
|
| 650 |
|
4 |
|a ΑΝΤΑΓΩΝΙΣΜΟΣ
|
| 650 |
|
4 |
|a Ανταγωνισμός
|
| 650 |
|
4 |
|a ΒΙΟΜΗΧΑΝΙΚΗ ΟΡΓΑΝΩΣΗ
|
| 650 |
|
4 |
|a Βιομηχανικό μάνατζμεντ
|
| 650 |
|
4 |
|a ΔΙΟΙΚΗΣΗ ΚΑΙ ΟΡΓΑΝΩΣΗ
|
| 650 |
|
4 |
|a ΔΙΟΙΚΗΣΗ ΚΑΙ ΟΡΓΑΝΩΣΗ
|
| 650 |
|
4 |
|a ΣΤΡΑΤΗΓΙΚΟΣ ΣΧΕΔΙΑΣΜΟΣ
|
| 700 |
1 |
|
|a Barney, Jay B.
|
| 942 |
|
|
|2 ddc
|
| 952 |
|
|
|0 0
|1 0
|2 ddc
|4 0
|6 658_400000000000000_BAR
|7 0
|9 290583
|a LISK
|b LISK
|c BSC
|d 2021-01-17
|e 24
|f 0
|g 0.00
|l 0
|o 658.4 BAR
|p 92410012744
|r 2021-01-17 00:00:00
|t 1
|w 2021-01-17
|y BK15
|x 19991024 0 1
|x GrPaTEI
|
| 971 |
|
|
|a .b26574743
|b 15-04-20
|c 23-09-16
|
| 999 |
|
|
|c 169687
|d 169687
|